Sports Quiz

Random Sports or Golf Quiz

Multiple US Open (Golf) Winners Quiz Stats

Quiz Updated Jul 1, 2015

Challenge
Share
Tweet
Embed
Score 0/11 Timer 03:00
2 Plays Today
Wins Golfer % Correct
3Tiger Woods
99.5%
4Jack Nicklaus
89.2%
2Ernie Els
59.7%
2Lee Trevino
48.1%
2Payne Stewart
40.9%
2Retief Goosen
34.8%
2Curtis Strange
33.7%
3Hale Irwin
32.6%
2Lee Janzen
25.1%
2Andy North
24.3%
2Billy Casper
17.6%

You're not logged in!

Compare scores with friends on all Sporcle quizzes.
Sign Up with Email
OR
Log In

You Might Also Like...

Show Comments

Extras

Top Quizzes Today


Score Distribution

Your Account Isn't Verified!

In order to create a playlist on Sporcle, you need to verify the email address you used during registration. Go to your Sporcle Settings to finish the process.